00452nam a2200181Ia 4500003000400000005001700004008004100021040000700062041001200069082001500081100002300096245002700119260004400146365001200190650002200202650002200224700002400246OSt20250804184720.0210423s2000 xx 000 0 und d cAL aEnglish a320 bGOWP aDamodara Gowda K V aPublic administrations aMangalorebMangalore Publicationsc2000 b60cINR aPolitical Science aPolitical Science aD Souza, Nancy Rita